000 00506nam a2200181Ia 4500
005 20250326143843.0
008 250326s9999 xx 000 0 und d
037 _aTextbook
040 _aFMSL
_beng
_cFMSL
041 _aeng
_2eng
084 _aB28 K9
_qFMSL
100 _aWalker H M
_9740041
245 0 _aElementary statistical methods
_cWalker H M; Lev J
260 _aNY Holt
_bNY Holt, Rinehart and Winston
_c1969
300 _a432p
942 _cTB
_hB28 K9
999 _c1301339
_d1301339